000 00596nam a2200229Ia 4500
003 OSt
005 20220918191805.0
006 a|||||r|||| 00| 0
007 ta
008 220917b |||||||| |||| 00| 0 eng d
024 _a65,062
037 _cTextual
040 _aARTS
_cARTS
_beng
041 _2eng
_aeng
082 _aR1xM59,L, G8
100 _aDewey John
_932131
245 0 _aLogic
_b the theory of inquiry
260 _aNew York
_bHolt, Rinehart and Winston
_c1938
650 _aLOGIC
942 _hR1xM59,L, G8
_cTEXL
_2CC
999 _c191399
_d191399